One Piece: Tous les Empereurs en 15s - Statistiques

Statistiques générales
  • Ce quiz a été pris 379 fois
  • Le résultat moyen est 4 sur 7
Statistiques - réponses
Hint Réponse % Correct
La Céature la plus Forte du Monde Kaido
77%
L'Homme le plus Fort du Monde/ Barbe Blanche Edward Newgate
70%
Le Roux Shanks
70%
Big Mom Charlotte Linlin
58%
Chapeau de Paille Monkey D. Luffy
58%
Barbe Noire Marshall D. Teach
50%
Le Clown aux Milles Pièces Baggy
45%
Aucun quiz correspondant
Distribution des résultats
% des personnes avec chaque résultat
Percentile par nombre de réponses
Votre historique - résultats
Vous n’avez pas pris ce quiz